Famous Female Birthdays Quiz Stats

Quiz not verified by Sporcle

Challenge
Share
Tweet
Embed
Score 0/30 Timer 10:00
0 Plays Today
Name Birthday % Correct
Mariah CareyMarch 27
78.5%
Britney SpearsDecember 2
78.5%
Stacy Ferguson (Fergie)March 27
78.5%
Beyonce KnowlesSeptember 4
72.3%
Kelly RipaOctober 2
72.3%
Megan FoxMay 16
72.3%
Taylor SwiftDecember 13
67.7%
Kim KardashianOctober 21
66.2%
Christina AguileraDecember 18
63.1%
Stefani Germanotta (Lady GaGa)March 28
63.1%
Jessica SimpsonJuly 10
61.5%
Gwen StefaniOctober 3
61.5%
Mary J. BligeJanuary 11
58.5%
Carrie UnderwoodMarch 10
58.5%
Sandra BullockJuly 26
58.5%
Name Birthday % Correct
Meryl StreepJune 22
56.9%
Lisa LeslieJuly 7
55.4%
Mandy MooreApril 10
55.4%
Martina McBrideJuly 29
55.4%
Kelly ClarksonApril 24
53.8%
Jennifer NettlesSeptember 12
53.8%
Jennifer HudsonSeptember 12
53.8%
Jordin SparksDecember 22
52.3%
Julia RobertsOctober 28
50.8%
Amanda SeyfiedDecember 3
50.8%
Fran DrescherSeptember 30
49.2%
Faith HillSeptember 21
49.2%
Julianne HoughJuly 20
49.2%
Nicole KidmanJuly 20
49.2%
Michelle PfeifferApril 29
41.5%

You're not logged in!

Compare scores with friends on all Sporcle quizzes.
Sign Up with Email
OR
Log In

You Might Also Like...

Show Comments

Extras

Top Quizzes Today


Score Distribution

Your Account Isn't Verified!

In order to create a playlist on Sporcle, you need to verify the email address you used during registration. Go to your Sporcle Settings to finish the process.